| 000 | 01203 a2200217 4500 | ||
|---|---|---|---|
| 005 | 20080910124948.0 | ||
| 008 | 080910t xxu||||| |||| 00| 0 hin d | ||
| 010 | _aHIN-80435 | ||
| 020 |
_a8172162219 _c395.00 |
||
| 035 | _aHN-52781 | ||
| 037 | _bD.B.Act / pub | ||
| 082 | _a613.7046 | ||
| 100 | _aशर्मा, जयप्रकाश | ||
| 245 |
_aमानव जीवन एवं योगःएक परिचय _cजयप्रकाश शर्मा |
||
| 246 |
_aManav Jivan awam Yog _bby Jayprakash Shrama |
||
| 260 |
_aनई दिल्ली _bफ़ैन्ड़ज पब्लिकेशन्ज _c2007 |
||
| 270 |
_a101,4787/23,अंसारी रोड, दरियागंज _bनई दिल्ली _e110002 _k23246222, 23246333 मोबाइल नं. 9811197091, 9312220441 _mfrienpub@yahoo.com |
||
| 300 |
_a223पृ _c22सेमी (सजिल्द) |
||
| 942 |
_adpl _cHN _k613.7046 / शर्माज _2ddc _h613.7046 _mशर्माज |
||
| 999 |
_c5828 _d5828 |
||